000 00509nam a22001697a 4500
005 20251108165013.0
008 250721s1985 xx 000 0 ara d
082 1 4 _a956.0636/محم
100 1 _aسرور، محمد جمال الدين
245 1 0 _aتاريخ الدولة الفاطمية /
264 1 _aالقاهرة :
_bدار الفكر العربي،
_c1985.
300 _a291ص
650 1 7 _aتاريخ العرب
650 1 7 _aالفاطميون 909-1171
942 _2ddc
_cBK
999 _c19606
_d19606